| 000 | 01061cam a2200193 4500 | ||
|---|---|---|---|
| 001 | WB3936-09 | ||
| 008 | 030925n2003 000 0 eng u | ||
| 035 | _a(Sirsi) u123729 | ||
| 245 | _aSmall businesses in Scotland are doing well | ||
| 260 | _c2003 | ||
| 490 |
_aScottish Executive News Release _v(SEEL081/2003) |
||
| 520 | _a83% of respondents in the "Small business service omnibus survey 2003" commissioned by the Scottish Executive said that their businesses were doing well and 21% of small and medium-sized enterprises (SMEs) employ more people than a year earlier. 63% of respondents said they would encourage others to set up in business with the transport and construction sectors most positive. The full report based on a representative sample of 1 000 wners of SMEs is available at http://www.scotland.gov.uk/library5/enterprise/sbsn-00.asp http://www.scotland.gov.uk/pages/news/2003/09/SEEL081.aspx | ||
| 590 | _aWB | ||
| 650 | _aSCOTLAND | ||
| 650 | _aCONSTRUCTION INDUSTRY | ||
| 650 | _aSMES | ||
| 690 | _aECONOMIC ISSUES | ||
| 942 | _n0 | ||
| 999 |
_c73465 _d73465 |
||